| 000 | 00444nam a2200181Ia 4500 | ||
|---|---|---|---|
| 008 | 230524s9999 xx 000 0 und d | ||
| 020 | _a9788126543281 | ||
| 082 | _bHUR | ||
| 100 |
_aJudith Hurwitz _942571 |
||
| 245 | 0 | _aBig Data for Dummies | |
| 250 | _a1 | ||
| 260 |
_aNew Delhi _bWiley India _c2015 |
||
| 300 | _a"XXI,295p;" | ||
| 500 | _aQuantity Number: 1 | ||
| 650 | _aComp-Sc | ||
| 700 |
_a Alan Nugent etl. _942572 |
||
| 942 | _cBK | ||
| 999 |
_c57532 _d57532 |
||